Cơ học ứng dụng T.2
Đã lưu trong:
| 主要作者: | |
|---|---|
| 格式: | 图书 |
| 语言: | Undetermined |
| 出版: |
H.
ĐHSP
2005
|
| 主题: | |
| 在线阅读: | http://lrc.tdmu.edu.vn/opac/search/detail.asp?aID=2&ID=5705 |
| 标签: |
添加标签
没有标签, 成为第一个标记此记录!
|
| Thư viện lưu trữ: | Trung tâm Học liệu Trường Đại học Thủ Dầu Một |
|---|
| LEADER | 00582nam a2200205Ia 4500 | ||
|---|---|---|---|
| 001 | TDMU_5705 | ||
| 008 | 210410s9999 xx 000 0 und d | ||
| 082 | |a 620.1 | ||
| 090 | |b NG525 | ||
| 100 | |a Nguyễn, Xuân Lạc | ||
| 245 | 0 | |a Cơ học ứng dụng | |
| 245 | 0 | |c Nguyễn Xuân Lạc | |
| 245 | 0 | |n T.2 | |
| 260 | |a H. | ||
| 260 | |b ĐHSP | ||
| 260 | |c 2005 | ||
| 300 | |a 196tr. | ||
| 650 | |a Cơ học ứng dụng | ||
| 856 | |u http://lrc.tdmu.edu.vn/opac/search/detail.asp?aID=2&ID=5705 | ||
| 980 | |a Trung tâm Học liệu Trường Đại học Thủ Dầu Một | ||